000 00806cam a22002531 4500
001 sa 65007835
003 DLC
005 20260227112151.0
008 810424s1961 ii ac 000 0 eng
010 _asa 65007835
035 _a(OCoLC)7364134
040 _aDLC
_cMiRochOU
_dMiRochOU
_dDLC
042 _apremarc
043 _aa-ii---
050 0 0 _aDS463
_b.C38
100 1 _aChatterji, Jogesh Chandra,
_d1895-
245 1 0 _aIndian revolutionaries in conference.
260 _aCalcutta,
_bFirma K.L. Mukhopadhyay
_c[1961?]
300 _avii, 77 p.
_billus., ports.
_c23 cm.
500 _a"Report of the Conference": p. [37]-72.
651 0 _aIndia
_xHistory
_yBritish occupation, 1765-1947.
650 0 _aNationalism
_zIndia.
711 2 _aConference of Indian Revolutionaries
_d(1958 :
_cDelhi, India)
999 _c65396
_d65396